000 00856nam a22002897a 4500
003 CHAP
005 20220329134551.0
008 971013s1986 r 00010 d
010 _a22307
011 _a23279
035 _a27375
040 _cCHAP
082 _a541
_bA84Y
100 0 0 _aAtkins, P. W.
_98241
245 _aPrincipios de físicoquímica
260 _aMéxico, D.F. :
_bAddison-Wesley,
_c1986
300 _a276 p.
_b: ilus. ; gráfs
590 _aBATCH-UPD
_b10
_c20130110
_lUCH01
_h2008
590 _aBATCH-UPD
_b10
_c20130410
_lUCH01
_h1327
590 _aBATCH-UPD
_b10
_c20130914
_lUCH01
_h0612
590 _aCONVERSION
_b10
_c20130109
_lUCH01
_h1313
650 1 4 _aFisicoquímica.
_941125
700 0 _aClusgton, M. J.
_923933
901 _aBK
942 _cLIBRO
949 _a541 A84Y
_bBC
_cLIBRO
_d33724000903910
_eLIBRO
_h69798
_i27375
_mD
_si
999 _c22307
_d22307